Izalatul Khafa, Vol.-2 : / ازالۃ الخفاء (Record no. 26536)

MARC details
000 -LEADER
fixed length control field 00552nam a22001817a 4500
003 - CONTROL NUMBER IDENTIFIER
control field BDDh-ASL
005 - DATE AND TIME OF LATEST TRANSACTION
control field 20231015030644.0
008 - FIXED-LENGTH DATA ELEMENTS--GENERAL INFORMATION
fixed length control field 211013n p ||||| |||| 00| 0 u d
040 ## - CATALOGING SOURCE
Original cataloging agency BDDh-ASL
Transcribing agency BDDh-ASL
082 ## - DEWEY DECIMAL CLASSIFICATION NUMBER
Classification number 297.61
Item number WAI
100 1# - MAIN ENTRY--PERSONAL NAME
9 (RLIN) 4809
Personal name Waliullah, Shah
245 10 - TITLE STATEMENT
Title Izalatul Khafa, Vol.-2 : / ازالۃ الخفاء
260 ## - PUBLICATION, DISTRIBUTION, ETC.
Place of publication, distribution, etc. Karachi :
Name of publisher, distributor, etc. Mohammad Saeed and Sons ,
300 ## - PHYSICAL DESCRIPTION
Extent 557 p. :
Dimensions 25 cm.
505 ## - FORMATTED CONTENTS NOTE
Formatted contents note Translation of Original Persian
650 #0 - SUBJECT ADDED ENTRY--TOPICAL TERM
Topical term or geographic name entry element Caliphate
General subdivision Islam
-- Khilafat
-- History
9 (RLIN) 4819
942 ## - ADDED ENTRY ELEMENTS (KOHA)
Source of classification or shelving scheme Dewey Decimal Classification
Koha item type Books
Holdings
Withdrawn status Lost status Source of classification or shelving scheme Damaged status Not for loan Collection code Home library Current library Shelving location Date acquired Source of acquisition Serial Enumeration / chronology Total Checkouts Full call number Barcode Date last seen Copy number Price effective from Koha item type
    Dewey Decimal Classification     Non-fiction Asiatic Society Library Asiatic Society Library General Stacks 10/13/2021 ASB Library Collection U-0240   297.61 WAI 112574 10/13/2021 C-1 10/13/2021 Books

Powered by Koha